00525nam a2200169Ia 4500008004000000041000800040082001200048100002100060245003900081260002600120650001000146650001100156690002200167906001100189999001900200952013600219210210b1965 xxu||||| |||| 00| 0 eng d aeng a320/525 aSCHUMPETER (J A) aCapitalism socialism and democracy abNot Mentionedc1965 aVital acenter aPolitical Science a003164 c118501d118501 001040748Political ScienceaALbALcPolitical Scienced2021-02-17g0.00l0o320/525p003164r2021-02-17 00:00:00w2021-02-17yBK